000 00884nam a2200217 a 4500
001 21351
003 CO-ViMGA
008 141112s2004 ck r 000 u spa d
020 _a9583505137
040 _aCO-ViMGA
_bspa
_cCO-ViMGA
082 0 4 _a364 E513m
100 1 _aElbert, Carlos Alberto
_930466
245 1 0 _aManual Básico de Criminología
260 _aBogotá; Temis,
_c2005
300 _a285
505 _aPrecedentes y precursores de la criminología 33 - - La etiología criminológica 79 - - La reducción del poder penal 105 - - Los sistemas penales latinoAméricanos 125 - - la sociología crítica 157
590 _aForma de adquisición : Compra fact. 0863 - - Precio : 40000 - - Proveedor : Temas y libros - - Fecha de adquisición : Mayo 2007
650 1 4 _aCRIMINOLOGIA - América LATINA
_930467
650 1 4 _aCRIMINOLOGIA - MANUALES
_930468
942 _2ddc
_cBK
999 _c29971
_d29971